| 000 | 01164pam a2200325 a 4500 | ||
|---|---|---|---|
| 001 | 2176 | ||
| 005 | 20231110105439.0 | ||
| 020 | _a0803712928 | ||
| 020 | _a9780590677264 | ||
| 020 | _a0803712936 | ||
| 040 |
_aDLC _cDLC _dDLC _beng |
||
| 050 | 0 | 0 |
_aGT4403 _b.P56 1993 |
| 082 | 0 | 0 |
_a394.2/68 _220 |
| 100 | 1 | _aPinkney, Andrea Davis | |
| 245 | 1 | 0 |
_aSeven candles for Kwanzaa / _cAndrea Davis Pinkney ; pictures by Brian Pinkney. |
| 250 | _aFirst Scholastic printing, December 1995 | ||
| 260 |
_aNew York : _bScholastic, _c1993 |
||
| 300 |
_a29 unnumbered pages : _bIllustrations _c24 x 29 cm. |
||
| 505 | _aU | ||
| 520 | _aDescribes the origins and practices of Kwanzaa, the seven-day festival during which people of African descent rejoice in their ancestral values. | ||
| 521 |
_a970 _bLexile |
||
| 521 |
_aU _bRaz-Plus |
||
| 650 | 0 |
_aKwanzaa _vJuvenile literature. |
|
| 650 | 0 |
_aAfrican Americans _xSocial life and customs _vJuvenile literature. |
|
| 650 | 1 | _aKwanzaa. | |
| 650 | 1 |
_aAfrican Americans _xSocial life and customs. |
|
| 700 | 1 |
_aPinkney, J. Brian _eillustrator |
|
| 906 |
_a7 _bcbu _corignew _d1 _eocip _f19 _gy-gencatlg |
||
| 942 |
_2ddc _cBK _n0 |
||
| 999 |
_c2176 _d2176 |
||